| 000 -CABECERA |
| campo de control de longitud fija |
01535nam a22002657a 4500 |
| 003 - IDENTIFICADOR DEL NÚMERO DE CONTROL |
| campo de control |
OSt |
| 005 - FECHA Y HORA DE LA ÚLTIMA TRANSACCIÓN |
| campo de control |
20250127182309.0 |
| 008 - DATOS DE LONGITUD FIJA--INFORMACIÓN GENERAL |
| campo de control de longitud fija |
250127b ||||| |||| 00| 0 spa d |
| 020 ## - NÚMERO INTERNACIONAL ESTÁNDAR DEL LIBRO |
| Número Internacional Estándar del Libro |
9786287574052 |
| 040 ## - FUENTE DE LA CATALOGACIÓN |
| Centro/agencia transcriptor |
CO-Mq BPB |
| 041 ## - CÓDIGO DE LENGUA |
| Código de lengua del texto/banda sonora o título independiente |
spa |
| 082 ## - NÚMERO DE LA CLASIFICACIÓN DECIMAL DEWEY |
| Número de clasificación |
AN |
| Número de documento/Ítem |
TOLs |
| 100 ## - ENTRADA PRINCIPAL--NOMBRE DE PERSONA |
| Nombre de persona |
Tolkien, J.R.R. |
| Término indicativo de función/relación |
1892-1973 |
| 245 ## - MENCIÓN DE TÍTULO |
| Título |
El señor de los anillos: |
| Resto del título |
El retorno del rey / J. R. R. Tolkien. |
| 250 ## - MENCIÓN DE EDICIÓN |
| Mención de edición |
Vol.3 |
| 264 ## - PRODUCCIÓN, PUBLICACIÓN, DISTRIBUCIÓN, FABRICACIÓN Y COPYRIGHT |
| Producción, publicación, distribución, fabricación y copyright |
Bogotá: |
| Nombre del de productor, editor, distribuidor, fabricante |
Planeta; |
| Fecha de producción, publicación, distribución, fabricación o copyright |
2022 |
| 300 ## - DESCRIPCIÓN FÍSICA |
| Extensión |
603 páginas: |
| Otras características físicas |
Tapa blanda |
| Dimensiones |
19 cm |
| 521 ## - NOTA DE PÚBLICO DESTINATARIO |
| Nota de público destinatario |
Empieza tu viaje a la Tierra Media.Los libros que han inspirado la nueva serie EL SEÑOR DE LOS ANILLOS: LOS ANILLOS DEL PODER.La tercera entrega de la trilogía El Señor de los Anillos.Los ejércitos del Señor Oscuro van extendiendo cada vez más su maléfica sombra por la Tierra Media. Hombres, elfos y enanos unen sus fuerzas para presentar batalla a Sauron y sus huestes. Ajenos a estos preparativos, Frodo y Sam siguen adentrándose en el país de Mordor en su heroico viaje para destruir el Anillo de Poder en las Grietas del Destino.«Un final triunfante… un gran trabajo, tanto en la concepción como en la ejecución.» —Daily Telegraph«Un trabajo extraordinariamente imaginativo, parte saga, parte alegoría, y emocionante en su totalidad.» —The Times |
| 650 ## - PUNTO DE ACCESO ADICIONAL DE MATERIA--TÉRMINO DE MATERIA |
| Término de materia o nombre geográfico como elemento de entrada |
Novela fantástica inglesa |
| Subdivisión cronológica |
Siglo XX |
| 650 ## - PUNTO DE ACCESO ADICIONAL DE MATERIA--TÉRMINO DE MATERIA |
| Término de materia o nombre geográfico como elemento de entrada |
Literatura adulto |
| 650 ## - PUNTO DE ACCESO ADICIONAL DE MATERIA--TÉRMINO DE MATERIA |
| Término de materia o nombre geográfico como elemento de entrada |
Novela clásica de fantasía heroica |
| 700 ## - PUNTO DE ACCESO ADICIONAL--NOMBRE DE PERSONA |
| Nombre de persona |
Horne, Matilde |
| Término indicativo de función/relación |
traductora |
| 700 ## - PUNTO DE ACCESO ADICIONAL--NOMBRE DE PERSONA |
| Nombre de persona |
Doménech, Luis |
| Término indicativo de función/relación |
traductor |
| 942 ## - ELEMENTOS DE PUNTO DE ACCESO ADICIONAL (KOHA) |
| Fuente del sistema de clasificación o colocación |
|
| Tipo de ítem Koha |
Libro |